Review of the family Botryococcaceae Wille in some lakes in Lithuania

Podrobná bibliografia
Hlavní autori: Koreiviené, Judita (Autor), Kasperovičiené, Júrate (Autor)
Médium: Článok
Jazyk:slovenčina
angličtina
Fyzický popis:Obr., tab.
ISSN:0006-3088
Predmet:

MARC

LEADER 00000nab a2200000 a 4500
001 vtls001496020
003 SK-MaSNL
005 20260304150031.0
008 250505c2003 xo g 0 slo
015 |a SNBCL2005/2 
035 |a (uuid)9abb8f82-3c8e-414c-ad41-43b9a9618330 
035 |a urn:nbn:sk:snk-abbyd2 
035 |a (urnnbn)urn:nbn:sk:snk:ar-0018cp 
040 |a SNKBUCL  |b slo  |c SNKBUCL  |e AACR2 
041 1 |a eng  |h eng 
044 |a xo  |c SK 
080 |a 581.9(474.5):061.3  |2 1981 
100 1 |a Koreiviené, Judita  |4 aut  |9 1469704 
245 1 0 |a Review of the family Botryococcaceae Wille in some lakes in Lithuania  |c Judita Koreiviené, Júrate Kasperovičiené 
300 |b Obr., tab. 
504 |a Res. angl. 
504 |a Bibliogr. odkazy 
650 0 7 |a zelené riasy  |2 MESH  |9 145213 
650 0 7 |a fytoplanktón  |2 MESH  |9 20308 
650 0 7 |a morfogenéza  |x genetika  |2 MESH  |9 1227888 
650 0 7 |a špecifickosť druhová  |2 MESH  |9 855823 
650 0 7 |a porovnávacia anatómia  |2 MESH  |9 2597 
650 0 7 |a voda sladká  |x analýza  |2 MESH  |9 868139 
650 0 7 |a kongresy (publikačný typ)  |2 MESH  |9 846472 
651 7 |a Litva  |2 SNKBUCL  |9 25602 
651 7 |a Litva  |2 MESH  |9 25602 
700 1 |a Kasperovičiené, Júrate  |4 aut  |9 1469705 
773 0 |t Biologia  |g Vol. 58, no. 4 (2003), s. 489-502  |x 0006-3088 
850 |a Slovenská národná knižnica 
852 |a Slovenská národná knižnica 
954 |a odborná, vedecká literatúra cudzojazyčná (svetová)  |2 lita 
958 |a article15 
958 |a OND 
958 |a EUIPO 
999 |c 2937795  |d 2939725